00559 2200193 4500245009900000020002200099250001100121100002200132700002100154700001700175650002000192650001900212005001900231260005700250041001400307084001000321300002500331336000900356 aDasar-Dasar Usaha Layanan Pariwisata untuk SMK/MAK Kelas X Semester 1cP.S.E Chairany S.hText a978-602-244-995-9 aCet. 1 aP.S.E Chairany S. aPrihatin Darsini aAde Prihatna aIlmu Pariwisata aBuku Pelajaran a20240920071651 aJakartabKementerian Pendidikan dan Kebudayaanc2022 aIndonesia a910.2 axii, 212 hlm. :cPDF atext